Poemas dramáticos de Byron / (Record no. 37802)

MARC details
000 -LEADER
campo de control de longitud fija 01063nam a2200253 i 4500
001 - NÚMERO DE CONTROL
campo de control 37802
003 - IDENTIFICADOR DE NÚMERO DE CONTROL
campo de control ES-MaACL
005 - FECHA Y HORA DE LA ÚLTIMA TRANSACCIÓN
campo de control 20250724063407.0
007 - CAMPO FIJO DE DESCRIPCIÓN FÍSICA--INFORMACIÓN GENERAL
campo de control de longitud fija t|
008 - DATOS DE LONGITUD FIJA--INFORMACIÓN GENERAL
campo de control de longitud fija 030221s1886 sp |||| | spa d
100 1# - ENTRADA PRINCIPAL--NOMBRE DE PERSONA
Nombre de persona Byron, George Gordon Byron,
Títulos y otros términos asociados al nombre Baron,
Fechas asociadas al nombre 1788-1824
9 (RLIN) 33026
245 10 - MENCIÓN DEL TÍTULO
Título Poemas dramáticos de Byron /
Mención de responsabilidad, etc. traducidos en verso castellano por José Alcalá Galiano ; con una carta prólogo de Marcelino Menéndez y Pelayo.
260 ## - PUBLICACIÓN, DISTRIBUCIÓN, ETC.
Lugar de publicación, distribución, etc. Madrid :
Nombre del editor, distribuidor, etc. [s.n.,
Fecha de publicación, distribución, etc. 1886] (
Fabricante Imp. de A. Pérez Dubrull)
300 ## - DESCRIPCIÓN FÍSICA
Extensión XXXVI, 382 p. ;
Dimensiones 17 cm.
490 1# - MENCIÓN DE SERIE
Mención de serie Colección de escritores castellanos
505 0# - NOTA DE CONTENIDO CON FORMATO
Nota de contenido con formato Caín ; Sardanápalo ; Manfredo
530 ## - NOTA DISPONIBLE DE FORMULARIO FÍSICO ADICIONAL
Nota de formato físico adicional disponible Disponible en formato digital.
700 1# - ENTRADA AGREGADA--NOMBRE PERSONAL
Nombre de persona Alcalá Galiano, José,
Fechas asociadas al nombre 1839-1919
9 (RLIN) 125587
700 1# - ENTRADA AGREGADA--NOMBRE PERSONAL
Nombre de persona Menéndez y Pelayo, Marcelino,
Fechas asociadas al nombre 1856-1912
9 (RLIN) 80332
830 1# - PUNTO DE ACCESO ADICIONAL DE SERIE-TÍTULO UNIFORME
Título uniforme Colección de escritores castellanos
9 (RLIN) 180741
852 ## - LOCALIZACIÓN
Ubicación ES-MaACL
Número de control de estantería R-3134
Encuadernación Olim:F-12730
856 ## - LOCALIZACIÓN Y ACCESO ELECTRÓNICOS
Identificador Uniforme de Recursos <a href="http://bdh-rd.bne.es/viewer.vm?id=0000255949&page=1 ">http://bdh-rd.bne.es/viewer.vm?id=0000255949&page=1 </a>
Nota pública Biblioteca Digital Hispánica
Holdings
Estatus retirado Estado de pérdida Estado de daño No para préstamo Colección Biblioteca de origen Biblioteca actual Ubicación en estantería Fecha de adquisición Fuente de adquisición Total de préstamos Signatura topográfica completa Código de barras Visto por última vez Precio de reemplazo Tipo de ítem Koha
        Colección digital Biblioteca del Ateneo de Madrid Biblioteca del Ateneo de Madrid Depósito 17/01/2008     R-3134 1039799 23/02/2023 23/02/2023 Libro impreso antiguo